Premiers mots d'une chanson ( 3 ) - Statistiques

Statistiques générales
  • Ce quiz a été pris 238 fois
  • Le résultat moyen est 13 sur 30
Statistiques - réponses
Chanson Paroles Artistes % Correct
Place des grands hommes On s'était dit rendez-vous dans 10 ans Même jour, même heure, même pommes Patrick Bruel
88%
Dommage Louis prend son bus, comme tous les matins Il croise cette même fille, avec son doux parfum Bigflo & Oli
77%
Je suis malade Je ne fume plus Je ne rêve plus Je n'ai même plus d'histoire Serge Lama
68%
Beau-papa J'avais pas prévu d'un jour adopter Mon enfant, j'ai dû surtout m'adapter Vianney
65%
La bonne du curé J'voudrais bien Mais j'peux point Annie Cordy
65%
Un homme debout Si je m'endors me réveillerez vous? Il fait si froid dehors le ressentez vous? Claudio Capéo
64%
Sensualité Jamais je n'aurais pensé "Tant besoin de lui" Je me sens si envoûtée Axelle Red
63%
Thriller It's close to midnight And something evil's lurking in the dark Michael Jackson
58%
Color gitano C'est une façon de voir la vie Un peu plus grand qu'un pays Un destin, un regard Kendji Girac
57%
Désolé pour hier soir Réveil matin, 15 heures, j'me réveille comme une fleur, marguerite Dans le Macadam, a besoin d'un doliprane Tryo
53%
Mademoiselle chante le blues Y en a qui élèvent des gosses au fond des HLM Y en a qui roulent leurs bosses du Brésil en Ukraine Patricia Kaas
53%
Avant toi Y avait pas d'image, y avait pas d'couleur Y avait pas d'histoire, mon âme sœur Vitaa & Slimane
49%
Seul Tant de fois j'ai tenté D'aller toucher les étoiles Garou
47%
Osez Joséphine A l'arrière des berlines On devine Des monarques et leurs figurines Alain Bashung
46%
Où sont les femmes ? Elles portent un blouson noir Elles fument le cigare Font parfois un enfant Par hasard Patrick Juvet
44%
N'importe quoi Dis-moi, pourquoi t'es comme ça Pourquoi ça va pas, pourquoi t'essaies pas, pourquoi tu veux pas Florent Pagny
39%
Angela Eh, ton visage me dit quelque chose Je t'ai déjà croisée dans la ville J'vais pas t'mentir, j'ai pas maté tes choses T'es la plus fraîche si tu veux mon avis Hatik
36%
Made in Normandie Je suis américain et je vis en Pennsylvanie En 1944 j'étais sergent dans l'infanterie Jeannette et moi on s'est mariés, c'était le mois de Mai Stone & Charden
35%
Sur un air latino Un peu de noir sur mes yeux Une fleur dans mes cheveux Et mon corps commence à se déhancher Lorie
33%
Millésime Sur les coteaux en pentes Les vallons amoureux Un rayon de soleil Est passé sur nous deux Pascal Obispo
30%
On dirait Tu me dis de regarder la vie en couleur Quand il fait noir tout autour de moi Amir
29%
Je danse le mia Tu es fada je crains dégun, je vous prends tous ici, un par un ! Iam
27%
Simon Papa Tara Tu es venu ce matin À l'heure où la nuit meurt Tu es venu de si loin D'où la mort ne fait plus peur Yannick Noah
26%
Toute première fois Ah Des gouttes salées Ont déchiré L'étrange pâleur d'un secret Jeanne Mas
26%
Yalla On ne retient pas l'écume Dans le creux de sa main On sait la vie se consume Et il n'en reste rien Calogero
20%
Au nom de la rose La belle au bois Viens de rendre l'âme Mais j'serai son homme A travers toute ces femmes Moos
18%
Mon coeur te dit je t'aime La maison a l'air plus grande, Surtout la chambre, Il ne reste rien de toi que ton parfum, Je découvre en ton absence, Un vide immense Frédéric François
12%
Mille colombes L'hiver est la sur les toits du village Le ciel est blanc et j'entends la chorale des enfants Dans la vielle église, sur on orgue aux couleurs du temps Mireille Mathieu
10%
C'est ça la France Ça boit le petit noir ou le petit vin blanc Ça cherche la bagarre et du boulot souvent Marc Lavoine
8%
Comment est ta peine ? J'ai lâché le téléphone comme ça En ce beau matin d'automne pas froid Ça ressemblait à l'été sauf que tu n'y étais pas Benjamin Biolay
6%
Aucun quiz correspondant
Distribution des résultats
% des personnes avec chaque résultat
Percentile par nombre de réponses
Votre historique - résultats
Vous n’avez pas pris ce quiz